F1 2026 drivers sudden death - Statistics

General Stats
  • This quiz has been taken 655 times
  • The average score is 15 of 22
Answers on the Grid
Answers color-coded by a green-red scale on the quiz's grid according to % correct below.
Franco Colapinto
Esteban Ocon
Yuki Tsunoda
Leonardo Fornaroli
Nico Hulkenberg
Kevin Magnussen
Ayumu Iwasa
Oliver Bearman
Sebastian Montoya
Liam Lawson
Isack Hadjar
Valtteri Bottas
Frederik Vesti
Richard Verschoor
Fernando Alonso
Sebastian Vettel
Paul Aron
Gabriel Bortoleto
Arvid Lindblad
Oliver Goethe
Carlos Sainz
Josep Maria Marti
Pierre Gasly
Lando Norris
Andrea Kimi Antonelli
Taylor Barnard
Max Verstappen
Nikola Tsolov
Charles Leclerc
Alexander Albon
Victor Martins
George Russell
Lance Stroll
Oscar Piastri
Sergio Perez
Lewis Hamilton
 
Answer Stats
Answer % Correct
Esteban Ocon
87%
Franco Colapinto
86%
Nico Hulkenberg
75%
Charles Leclerc
72%
Andrea Kimi Antonelli
71%
Oscar Piastri
71%
Carlos Sainz
69%
Lance Stroll
69%
Lando Norris
68%
Fernando Alonso
67%
George Russell
67%
Lewis Hamilton
67%
Liam Lawson
67%
Max Verstappen
67%
Oliver Bearman
67%
Pierre Gasly
67%
Isack Hadjar
66%
Valtteri Bottas
66%
Alexander Albon
64%
Gabriel Bortoleto
63%
Sergio Perez
62%
Arvid Lindblad
53%
No matching quizzes found
Score Distribution
Percent of People with Each Score
Percentile by Number Answered
Your Score History
You have not taken this quiz